|
|
|
|
| LEADER |
00000cam a2200000 7i4500 |
| 001 |
0000002130 |
| 005 |
20151222.0 |
| 008 |
070710 |
| 020 |
|
|
|a 0416148522
|
| 090 |
0 |
0 |
|a JF
|b ENG
|
| 100 |
0 |
|
|a Herge
|
| 245 |
1 |
0 |
|a The adventures of Tintin :
|b Volume 1
|c Herge
|
| 260 |
|
|
|a London :
|b Egmont ,
|c 1992
|
| 500 |
|
|
|a Children ages 10-12 years old (pink)
|
| 650 |
|
0 |
|a Adventure
|
| 650 |
|
0 |
|a Junior fiction
|x English
|x Languages
|
| 710 |
0 |
|
|a Title
|
| 999 |
|
|
|a 0000967255
|b Book
|c Children Collection
|e Cawangan Pontian
|
| 999 |
|
|
|a 0000967256
|b Book
|c Children Collection
|e Cawangan Sri Merlong
|
| 999 |
|
|
|a 0000967257
|b Book
|c Children Collection
|e Cawangan Segamat
|